Historia y civilizacion de los griegos. tomo 3 /

Guardado en:
Autor Principal: Bianchi Biandinelli, Ranuccio, Dir.
Formato: Libro
Publicado: Barcelona : Icaria-Bosch, 1981.
Materias:
Etiquetas: Agregar Etiqueta
Sin Etiquetas, Sea el primero en etiquetar este registro!
LEADER 00626nam a22001575a 4500
001 EHU.bham013821
008 130507s1981##################000#0#####d
005 20260630092110.0
245 1 0 |a Historia y civilizacion de los griegos. tomo 3 /  |c Dirigida Por Ranuccio Bianchi Biandinelli 
260 |a Barcelona :  |b Icaria-Bosch,  |c 1981. 
505 0 |a Grecia en la época de Pericles : historia, literatura, filosofía / Giuseppe Nenci, et al. 
020 |a 8474260701 
100 1 |a Bianchi Biandinelli, Ranuccio, Dir. 
082 9 3 |a 938 
653 |a Historia antigua-grecia 
859 |a AR-BHAM  |b BIB. HUMANIDADES - General  |h 938  |i B47  |p 407.85  |t Ej.1  |v III  |3 III